000 00368nam a2200133Ia 4500
008 220204s9999 xx 000 0 und d
082 _a575.17
_bROU
100 _aROUGHGARDEN, Jonathan
245 0 _aTheory of population genetics and evolutionary ecology
260 _aNew York
_bMacmillan
_c1979
650 _aEvolution
650 _aPopulation genetics
942 _cBK
999 _c34533
_d34533